Nombres de jugadores. - Estadísticas

Estadísticas generales
  • Esta prueba ha sido intentada 58 veces
  • La puntuación promedio es 13 de 16
Estadísticas de respuestas
Imagen Respuesta % Correcto
Cristiano Ronaldo
98%
Maradona
98%
Pele
98%
Messi
96%
Neymar
96%
Iniesta
94%
Mbappe
94%
Sergio Ramos
94%
Xavi
92%
Luis suarez
88%
salah
79%
dembele
77%
Cruyff
75%
De bruyne
67%
Mane
54%
Garrincha
37%
No se encontraron pruebas coincidentes
Distribución de puntuación
Porcentaje de gente con cada puntuación
Porcentaje por número respondido
Historial de tus puntuaciones
No has intentado esta prueba.